000 00678nam a22002531c 4500
001 a987688107
008 170822s2005 gw |||| 000u ger d
020 _a3980951324
_93-9809513-2-4
041 _ager
100 1 _aUlrich, Axel
245 0 0 _aPolitischer Widerstand gegen das "Dritte Reich" im Rhein-Main-Gebiet
264 _aWiesbaden :
_bThrun-Verlag,
_c2005
300 _a352 Seiten
502 _aZugl.: Marburg, Univ., Diss., 2005
648 0 _a1933-1945
650 0 _aNationalsozialismus
650 0 _aWiderstand
650 0 _a
651 0 _aRhein-Main-Gebiet
655 0 _aHochschulschrift
942 _cMG
040 _cRU-10907106
003 RU-10907106
999 _c27645
_d27645